Die Bedeutung von Gender-Aspekten bei der Radikalisierung von Mädchen und Frauen: eine vergleichende Analyse zu Entwicklungen im Islamismus und Rechtsextremismus
Die Autorinnen umreißen die Bedeutung von Gender-Aspekten bei islamistischer und rechtsextremistischer Radikalisierung anhand von drei Thesen: (1) Gender-Aspekte spielen beim Anschluss an extremistische Bestrebungen eine wichtige Rolle. (2) Es gibt keine genuin extremistischen Rollenbilder. (3) Der...
| Authors: | ; ; |
|---|---|
| Format: | Print Article |
| Language: | German |
| Published: |
2024
|
| In: |
Jahrbuch für Extremismus- und Terrorismusforschung ...
Year: 2021, Issue: 2, Pages: 271-305 |
| Check availability: | HBZ Gateway |
MARC
| LEADER | 00000naa a2200000 c 4500 | ||
|---|---|---|---|
| 001 | 1941427413 | ||
| 003 | DE-627 | ||
| 005 | 20251117155722.0 | ||
| 007 | tu | ||
| 008 | 251117s2024 xx ||||| 00| ||ger c | ||
| 035 | |a (DE-627)1941427413 | ||
| 035 | |a (DE-599)KXP1941427413 | ||
| 040 | |a DE-627 |b ger |c DE-627 |e rda | ||
| 041 | |a ger | ||
| 084 | |a 2,1 |2 ssgn | ||
| 100 | 1 | |a Lehmann, Corinna |e VerfasserIn |0 (DE-588)1296480089 |0 (DE-627)1852934336 |4 aut | |
| 109 | |a Lehmann, Corinna | ||
| 245 | 1 | 4 | |a Die Bedeutung von Gender-Aspekten bei der Radikalisierung von Mädchen und Frauen |b eine vergleichende Analyse zu Entwicklungen im Islamismus und Rechtsextremismus |c Corinna Lehmann, Sabine Schupp-Demiriz, Britt Ziolkowski |
| 264 | 1 | |c 2024 | |
| 336 | |a Text |b txt |2 rdacontent | ||
| 337 | |a ohne Hilfsmittel zu benutzen |b n |2 rdamedia | ||
| 338 | |a Band |b nc |2 rdacarrier | ||
| 520 | |a Die Autorinnen umreißen die Bedeutung von Gender-Aspekten bei islamistischer und rechtsextremistischer Radikalisierung anhand von drei Thesen: (1) Gender-Aspekte spielen beim Anschluss an extremistische Bestrebungen eine wichtige Rolle. (2) Es gibt keine genuin extremistischen Rollenbilder. (3) Der Anschluss von Frauen an extremistische Organisationen und ihr Verbleib darin oszilliert zwischen Anpassung und Rebellion. Diese drei Beobachtungen resultieren aus einer Untersuchung von vier Fallbeispielen: Für den Islamismus wurden die „Islamische Gemeinschaft Milli Görüş“ und der „Islamische Staat“ berücksichtigt, im Rechtsextremismus lag der Fokus auf der „Identitären Bewegung“ und der Partei „Der III. Weg“. Zusammenfassend kann festgehalten werden: Geschlechterrollen sind ein zentraler Faktor in der Sozialisation insgesamt - bestimmte Vorstellungen von bzw. Konflikte mit gelebten Rollen können Radikalisierungsprozesse begünstigen, zuweilen entladen sich Spannungen in Geschlechtertransgression. | ||
| 700 | 1 | |a Schupp-Demiriz, Sabine |e VerfasserIn |0 (DE-588)1350495611 |0 (DE-627)1911191578 |4 aut | |
| 700 | 1 | |a Ziolkowski, Britt |e VerfasserIn |0 (DE-588)1120421659 |0 (DE-627)873358694 |0 (DE-576)345076753 |4 aut | |
| 773 | 0 | 8 | |i Enthalten in |t Jahrbuch für Extremismus- und Terrorismusforschung ... |d Brühl, Rheinland : Hochschule des Bundes für Öffentliche Verwaltung, 2008 |g (2021/2023), 2, Seite 271-305 |w (DE-627)590281887 |w (DE-600)2475253-8 |w (DE-576)302522379 |7 nnas |
| 773 | 1 | 8 | |g year:2021/2023 |g number:2 |g pages:271-305 |
| 935 | |a rexa | ||
| 951 | |a AR | ||
| ELC | |b 1 | ||
| LOK | |0 000 xxxxxcx a22 zn 4500 | ||
| LOK | |0 001 4807933426 | ||
| LOK | |0 003 DE-627 | ||
| LOK | |0 004 1941427413 | ||
| LOK | |0 005 20251117151509 | ||
| LOK | |0 008 251117||||||||||||||||ger||||||| | ||
| LOK | |0 040 |a DE-2619 |c DE-627 |d DE-2619 | ||
| LOK | |0 092 |o n | ||
| LOK | |0 852 |a DE-2619 | ||
| LOK | |0 852 1 |9 00 | ||
| LOK | |0 939 |a 17-11-25 |b l01 | ||
| ORI | |a SA-MARC-krimdoka001.raw | ||
